000 00979nam a2200301Ia 4500
001 Para_5733
003 CHAP
008 220125s1982 xx 000 0 und d
010 _a204163
040 _cCHAP
090 _aPA TESIS 67
100 _aCastillo Ponce, Gladis
_9170140
245 _aHistopatología y desarrollo de Nacobbus aberrans Thorne y Allen, 1944, en raíces de Capsicum annum y C. baccatum /
_c por Gladis Castillo Ponce
260 _aChapingo, Méx. :
_b el autor
300 _a65 h.
502 _aTesis (M.C. Esp. en Fitopatología) CP
650 _aChile (botánica)
_x enfermedades por nemátodos
_922355
650 _aChile de arbol
_x enfermedades por nemátodos
_922405
650 _aNaccobus
_9170141
710 _aColegio de Postgraduados
_925064
901 _aPA TESIS 67
902 _aA
905 _a0000001982 a 0000000000 00
910 _a1982
942 _cPARA
942 _cPARA
_d1
999 _c204163
_d204163